How to measure anything: Finding the value of intangibles in business
Αποθηκεύτηκε σε:
| Κύριος συγγραφέας: | |
|---|---|
| Μορφή: | Βιβλίο |
| Γλώσσα: | Αγγλικά |
| Έκδοση: |
Hoboken
John Wiley and Sons
2007
|
| Θέματα: | |
| Ετικέτες: |
Προσθήκη ετικέτας
Δεν υπάρχουν, Καταχωρήστε ετικέτα πρώτοι!
|
MARC
| LEADER | 00000nam a2200000 a 4500 | ||
|---|---|---|---|
| 001 | UCH7420 | ||
| 003 | CL-VaPUC | ||
| 008 | 091112e20070000us |||||||||||||||||eng|d | ||
| 020 | |a 9783540733119 | ||
| 082 | 0 | 4 | |a 658.403 |b HUB |2 21 |
| 100 | |a Hubbard, Douglas W |e author |9 569144 | ||
| 245 | 1 | 0 | |a How to measure anything: Finding the value of intangibles in business |
| 300 | |a 287 p | ||
| 942 | |c BK | ||
| 945 | |d 20091112 00:00:00 |a dcastane | ||
| 260 | |a Hoboken |b John Wiley and Sons |c 2007 | ||
| 650 | 7 | |a CAPITAL INTELECTUAL |2 CL-VaPUC |9 480978 | |
| 650 | 0 | |a Planificación estratégica |9 259735 | |
| 650 | 0 | |a Toma de decisiones |9 257530 | |
| 650 | 0 | |a Gestión del conocimiento |9 469524 | |
| 650 | 0 | |a Gestión de la información |9 362327 | |
| 583 | |a last modification |c 20171116 02:28:45 |k Rodrigo Vera | ||
| 999 | |c 338017 |d 338015 | ||
| 952 | |0 0 |1 0 |4 0 |6 658_403000000000000_HUB_2007 |7 0 |8 A |9 430803 |a BIBING |b BIBING |d 2019-11-22 |i 4618009 |o 658.403 HUB 2007 |p 4618009 |r 2025-01-20 |w 2019-11-22 |y BK |k EII | ||